000 00530nam a2200181 a 4500
003 DLC
005 20210219152716.0
008 991125n mx 000 0 spa u
022 _a0188-896X
035 _aUPN01000059374
245 0 0 _aANALOGIA FILOSOFICA :
_bREVISTA DE FILOSOFIA
260 _aDistrito Federal, México :
_bCentro de Estudios de la Provincia de Santiago de México de la Orden de Predicadores
310 _aSemestral
653 0 _aFILOSOFIA
904 _aAC
_b000106
905 _aRevista
999 _c59366
_d59366